Ye (Kanye) - All Billboard Chart Toppers - Statistics

General Stats
  • This quiz has been taken 22 times
  • The average score is 4 of 5
Answer Stats
Album Release Year Answer % Correct
Late Registration 2005 Gold Digger
100%
Graduation 2007 Stronger
94%
VULTURES 1 2024 CARNIVAL
89%
[Teenage Dream] 2011 E.T.
61%
The College Dropout 2004 Slow Jamz
50%
No matching quizzes found
Score Distribution
Percent of People with Each Score
Percentile by Number Answered
Your Score History
You have not taken this quiz